| 000 | 01592nam a2200409Ia 4500 | ||
|---|---|---|---|
| 001 | dia_4493 | ||
| 003 | CHAP | ||
| 005 | 20240202124431.0 | ||
| 008 | 220117s1998 xx 000 0 und d | ||
| 010 | _a175154 | ||
| 020 | _a978-1-84593-227-5 | ||
| 040 | _cCHAP | ||
| 082 | _a635.046 P67 1988 | ||
| 245 |
_aPostharvest : an introduction to the physiology & handling of fruit, vegetables & ornamentals / _c Ron B. H. Wills...[et al.] |
||
| 250 | _a5a ed. | ||
| 260 |
_aEstados Unidos de América : _b UNSW Press :, _b CABI Internacional, _c1998 |
||
| 300 | _ax, 227 p. | ||
| 503 | _aC/e | ||
| 504 | _aBibliografía: p. 213-214 | ||
| 590 | _aSB360 P67 1988 | ||
| 650 |
_aFruit _xPostharvest physiology _9151970 |
||
| 650 |
_aFruit _xPostharvest technology 1Vegetables _xPostharvest technology 1 _9156036 |
||
| 650 |
_aFrutas _xFisiología postcosecha _9156037 |
||
| 650 |
_aFrutas _xTecnología postcosecha _9156038 |
||
| 650 |
_aPlantas ornamentales _x Fisiología postcosecha _989066 |
||
| 650 |
_aPlantas ornamentales _xTecnología postcosecha _989077 |
||
| 650 |
_aPlants, Ornamental _xPostharvest physiology _9156039 |
||
| 650 |
_aPlants, Ornamental _xPostharvest technology _9156040 |
||
| 650 |
_aVegetables _xPostharvest physiology _9151976 |
||
| 650 |
_aVerduras _xFisiología postcosecha _9156041 |
||
| 650 |
_aVerduras _xTecnología postcosecha _9156042 |
||
| 700 |
_aWills, Ron B. H., coaut. _9151978 |
||
| 901 | _a635.046 P67 1988 | ||
| 902 | _aM | ||
| 905 | _a5232271998 -usafmn8222223322ENG16 | ||
| 942 |
_cLIBRO _2ddc |
||
| 999 |
_c175154 _d175154 |
||